| 000 -LEADER |
| fixed length control field |
01744nam a22001457a 4500 |
| 008 - FIXED-LENGTH DATA ELEMENTS--GENERAL INFORMATION |
| fixed length control field |
210930b ||||| |||| 00| 0 eng d |
| 100 ## - MAIN ENTRY--PERSONAL NAME |
| Personal name |
Tamuli, Mondira |
| 245 ## - TITLE STATEMENT |
| Title |
Changing structure of rural workforce and economic activates in Assam: Ensuring wellbeing or struggle for sustenance |
| 260 ## - PUBLICATION, DISTRIBUTION, ETC. (IMPRINT) |
| Place of publication, distribution, etc |
Contributions to Indian Social Science |
| 300 ## - PHYSICAL DESCRIPTION |
| Extent |
40(2), Apr-Jun, 2021: p.319-335 |
| 520 ## - SUMMARY, ETC. |
| Summary, etc |
Assam, situated in the North-Eastern region of India is fundamentally an agrarian economy where more than 70 per cent of the total work force depends on agriculture, providing more than 53 per cent of its total employment. But, in recent years, there have been significant changes in the structure of the rural workforce and rural economic activities of the state. In certain contexts, the shift from agriculture is a desirable short term measure and is primarily done to enhance income. Available literature indicates that the traditional sources of livelihood are facing challenges and hence, wage-labor becomes the leading source of employment and livelihood in the rural areas of the state. On the one hand, the workforce engaged in agricultural activities is facing distress, whereas on the other hand, non-agricultural activities are not able to absorb those moving out from the primary sector. Therefore, an attempt has been made to understand the mechanism of transition that has been taken place both in the agricultural and non-agricultural activities in the rural areas of the state, using evidence from the Census of India, National Sample Survey (NSS) and Periodic Labour Force Survey (PLFS). – Reproduced |
| 773 ## - HOST ITEM ENTRY |
| Main entry heading |
Contributions to Indian Social Science |
| 906 ## - LOCAL DATA ELEMENT F, LDF (RLIN) |
| Subject DIP |
RURAL DEVELOPMENT - ASSAM |
| 942 ## - ADDED ENTRY ELEMENTS (KOHA) |
| Item type |
Articles |